000 00541nam a2200205Ia 4500
005 20250508165624.0
008 008 250505s9999 xx 000 0 eng d
037 _aTextual
040 _aFEDL
_beng
_cFEDL
041 _aeng
_2eng
084 _a791.43, STE
_qFEDL
100 _aStephenson Ralph
_9678676
245 0 _aCINEMA AS ART
260 _aLondon, UK
_bPenguin Books
_c1989
300 _a272p.
365 _aGBP
_b5.99
700 _a Phelps Guy
_9781412
942 _cTEXL
_h791.43, STE
999 _c1396260
_d1396260